ロード中...

Mathematical methods for physicists : a concise introduction /

書誌詳細
第一著者: Chow, Tai L.
フォーマット: Printed Book
言語:English
出版事項: New York : Cambridge University Press, 2000.
主題:
LEADER 01075cam a22002054a 4500
005 20200810155625.0
008 990812s2000 nyua b 001 0 eng
082 0 0 |a 530.15  |b CHO 
100 1 |a Chow, Tai L.  |9 9296 
245 1 0 |a Mathematical methods for physicists :  |b a concise introduction /  |c Tai L. Chow. 
300 |a xv, 555 p. :  |b ill. ;  |c 26 cm. 
653 |a Mathematical physics. 
942 |c BK  |6 _ 
260 |a New York :  |b Cambridge University Press,  |c 2000. 
020 |a 0521655447 
999 |c 215515  |d 215515 
952 |0 0  |1 0  |2 ddc  |4 0  |6 53015_CHO  |7 0  |9 279412  |a PHY  |b PHY  |d 2014-02-24  |l 7  |m 1  |o 530.15 CHO  |p PHY014208  |r 2019-11-21  |s 2019-07-03  |t 1  |w 2014-02-24  |y BK 
952 |0 0  |1 0  |2 ddc  |4 0  |6 53015_CHO2  |7 0  |9 279413  |a PHY  |b PHY  |d 2014-02-24  |l 11  |m 1  |o 530.15 CHO;2  |p PHY014210  |r 2019-12-19  |s 2019-07-02  |t 3  |w 2014-02-24  |y BK 
952 |0 0  |1 0  |2 ddc  |4 0  |6 53015_CHO4  |7 0  |9 279414  |a PHY  |b PHY  |d 2014-02-24  |l 7  |o 530.15 CHO;4  |p PHY014212  |r 2020-01-06  |s 2018-12-12  |t 5  |w 2014-02-24  |y BK 
952 |0 0  |1 0  |2 ddc  |4 0  |6 53015_CHO6  |7 0  |9 279415  |a PHY  |b PHY  |d 2019-03-02  |l 1  |o 530.15 CHO;6  |p PHY015056  |r 2019-11-22  |s 2019-07-01  |t 7  |w 2019-03-02  |y BK